000 00542nam a2200181Ia 4500
003 GCL
008 140319s9999 xx 000 0 ara d
040 _aGCL /
_cGCL
082 0 4 _aط
_b500
_bب ع
100 1 _aعواطف عبدالجليل
245 1 0 _aعلم أم خرافة /
_cعواطف عبدالجليل
700 1 _aباركر، برثا موريس
700 1 _aمحمد صابر سليم
300 _a34 ص
490 _aمجموعة الكتب العلمية المبسطة
_v0
650 0 4 _aالعلوم
942 _2ddc
_cBK
999 _c51317
_d51317